Orders of the Day, Minutes of Proceedings Parliamentary Assembly

Uložené v:
Podrobná bibliografia
Médium: Kniha
Jazyk:English
Vydavateľské údaje: Strasbourg Council of Europe 1987
Tagy: Pridať tag
Žiadne tagy, Buďte prvý, kto otaguje tento záznam!

MARC

LEADER 00000nam a2200000 4500
001 c041154
005 20250606085752.0
041 0 |a eng 
044 |a FR 
245 1 0 |a Orders of the Day, Minutes of Proceedings  |b Parliamentary Assembly 
264 1 |a Strasbourg  |b Council of Europe  |c 1987 
300 |a 63 s.